000 00403nam a2200145Ia 4500
008 210716s2011 xx 000 0 und d
020 _a9781422162477
041 _aeng
082 _a658.4012 HARV
245 _aHarvard business review on aligning technology with strategy.
250 _a1
260 _aBoston
_bHarvard Business School Press
_c2011
300 _a204
650 _aStrategic Management
999 _c206831
_d206831